[Event "Deutsche Ländermeisterschaft 2025"]
[Site "Oer-Erkenschwick GER"]
[Date "2025.10.01"]
[Round "1"]
[White "Matthäi, Jakob"]
[Black "Schwarz, David"]
[Result "0-1"]
[Termination "normal"]
[Board "5.1"]
[WhiteElo "2163"]
[BlackElo "2149"]
[WhiteClock "00:01:35"]
[BlackClock "00:12:56"]
[WhiteTeam "Sachsen"]
[BlackTeam "Rheinland-Pfalz"]
[PlyCount "104"]
[WhiteFideId "16240421"]
[BlackFideId "16287614"]
[EventCountry "GER"]
[EventRounds "7"]
[EventType "team-swiss"]
[EventDate "2025.09.30"]

1. c4 {[%clk 01:30:55]} {[%emt 00:00:05]} e5 {[%clk 01:30:52]} {[%emt
00:00:08]} 2. g3 {[%clk 01:31:16]} {[%emt 00:00:10]} h5 {[%clk 01:31:18]}
{[%emt 00:00:04]} 3. Nf3 {[%clk 01:31:23]} {[%emt 00:00:22]} e4 {[%clk
01:31:43]} {[%emt 00:00:05]} 4. Nh4 {[%clk 01:31:38]} {[%emt 00:00:16]} Be7
{[%clk 01:32:09]} {[%emt 00:00:04]} 5. Nc3 {[%clk 01:31:43]} {[%emt 00:00:24]}
Bxh4 {[%clk 01:29:42]} {[%emt 00:02:57]} 6. gxh4 {[%clk 01:32:10]} {[%emt
00:00:04]} Qxh4 {[%clk 01:30:06]} {[%emt 00:00:06]} 7. h3 {[%clk 01:29:18]}
{[%emt 00:03:22]} d6 {[%clk 01:27:19]} {[%emt 00:03:15]} 8. d4 {[%clk
01:28:19]} {[%emt 00:01:29]} exd3 {[%clk 01:24:48]} {[%emt 00:03:01]} 9. Qxd3
{[%clk 01:25:55]} {[%emt 00:02:54]} Ne7 {[%clk 01:24:00]} {[%emt 00:01:19]} 10.
Rg1 {[%clk 01:23:51]} {[%emt 00:02:34]} Nbc6 {[%clk 01:23:21]} {[%emt
00:01:09]} 11. e4 {[%clk 01:09:16]} {[%emt 00:15:05]} Ne5 {[%clk 01:16:45]}
{[%emt 00:07:05]} 12. Qe2 {[%clk 01:08:40]} {[%emt 00:01:07]} Qf6 {[%clk
01:10:50]} {[%emt 00:06:24]} 13. Rg3 {[%clk 00:54:06]} {[%emt 00:15:05]} h4
{[%clk 01:06:47]} {[%emt 00:04:34]} 14. Bg5 {[%clk 00:51:13]} {[%emt 00:03:23]}
Qg6 {[%clk 01:03:57]} {[%emt 00:03:20]} 15. Bxh4 {[%clk 00:49:14]} {[%emt
00:02:28]} Qe6 {[%clk 01:00:10]} {[%emt 00:04:17]} 16. Bxe7 {[%clk 00:46:22]}
{[%emt 00:03:22]} Qxe7 {[%clk 01:00:04]} {[%emt 00:00:37]} 17. Nd5 {[%clk
00:45:34]} {[%emt 00:01:19]} Qd8 {[%clk 01:00:10]} {[%emt 00:00:23]} 18. O-O-O
{[%clk 00:45:01]} {[%emt 00:01:02]} c6 {[%clk 00:59:51]} {[%emt 00:00:50]} 19.
Ne3 {[%clk 00:39:57]} {[%emt 00:05:35]} Qf6 {[%clk 00:54:59]} {[%emt 00:05:20]}
20. Bg2 {[%clk 00:38:13]} {[%emt 00:02:15]} Bd7 {[%clk 00:53:22]} {[%emt
00:02:08]} 21. Rf1 {[%clk 00:33:42]} {[%emt 00:05:00]} O-O-O {[%clk 00:43:06]}
{[%emt 00:10:46]} 22. f4 {[%clk 00:31:01]} {[%emt 00:03:11]} Ng6 {[%clk
00:37:02]} {[%emt 00:06:34]} 23. Qf2 {[%clk 00:29:31]} {[%emt 00:02:00]} Rh4
{[%clk 00:35:41]} {[%emt 00:01:51]} 24. Ng4 {[%clk 00:24:08]} {[%emt 00:05:53]}
Bxg4 {[%clk 00:33:04]} {[%emt 00:03:07]} 25. hxg4 {[%clk 00:22:17]} {[%emt
00:02:20]} Kb8 {[%clk 00:29:33]} {[%emt 00:04:01]} 26. Ra3 {[%clk 00:15:52]}
{[%emt 00:06:55]} c5 {[%clk 00:26:49]} {[%emt 00:03:15]} 27. Rb3 {[%clk
00:13:23]} {[%emt 00:03:00]} Rd7 {[%clk 00:14:45]} {[%emt 00:12:34]} 28. Qf3
{[%clk 00:13:21]} {[%emt 00:00:31]} Qe7 {[%clk 00:12:19]} {[%emt 00:02:56]} 29.
Rd1 {[%clk 00:10:48]} {[%emt 00:03:04]} f6 {[%clk 00:11:40]} {[%emt 00:01:09]}
30. a4 {[%clk 00:06:11]} {[%emt 00:05:06]} Rh2 {[%clk 00:11:12]} {[%emt
00:00:58]} 31. Bh1 {[%clk 00:04:40]} {[%emt 00:02:00]} Qf7 {[%clk 00:11:02]}
{[%emt 00:00:41]} 32. Rc3 {[%clk 00:04:18]} {[%emt 00:00:52]} Ne7 {[%clk
00:10:41]} {[%emt 00:00:50]} 33. Qg3 {[%clk 00:04:09]} {[%emt 00:00:40]} Rh8
{[%clk 00:10:36]} {[%emt 00:00:34]} 34. e5 {[%clk 00:04:13]} {[%emt 00:00:27]}
Rhd8 {[%clk 00:08:59]} {[%emt 00:02:06]} 35. exd6 {[%clk 00:03:49]} {[%emt
00:00:55]} f5 {[%clk 00:07:56]} {[%emt 00:01:33]} 36. g5 {[%clk 00:01:36]}
{[%emt 00:02:43]} Rxd6 {[%clk 00:07:46]} {[%emt 00:00:40]} 37. Rxd6 {[%clk
00:01:55]} {[%emt 00:00:11]} Rxd6 {[%clk 00:08:15]} {[%emt 00:00:01]} 38. Qe3
{[%clk 00:02:02]} {[%emt 00:00:23]} Ng6 {[%clk 00:04:34]} {[%emt 00:04:11]} 39.
Bd5 {[%clk 00:02:01]} {[%emt 00:00:31]} Qd7 {[%clk 00:03:52]} {[%emt 00:01:11]}
40. Rb3 {[%clk 00:01:29]} {[%emt 00:01:02]} Rb6 {[%clk 00:00:46]} {[%emt
00:03:37]} 41. Ra3 {[%clk 00:20:42]} {[%emt 00:11:17]} Qd6 {[%clk 00:24:25]}
{[%emt 00:06:50]} 42. a5 {[%clk 00:17:34]} {[%emt 00:03:39]} Rb4 {[%clk
00:22:29]} {[%emt 00:02:26]} 43. Qe8+ {[%clk 00:15:05]} {[%emt 00:02:58]} Kc7
{[%clk 00:22:43]} {[%emt 00:00:17]} 44. Re3 {[%clk 00:11:23]} {[%emt 00:04:14]}
a6 {[%clk 00:11:33]} {[%emt 00:11:38]} 45. Qf7+ {[%clk 00:03:48]} {[%emt
00:08:05]} Kb8 {[%clk 00:11:55]} {[%emt 00:00:08]} 46. Re8+ {[%clk 00:03:43]}
{[%emt 00:00:36]} Ka7 {[%clk 00:12:22]} {[%emt 00:00:02]} 47. Qg8 {[%clk
00:01:07]} {[%emt 00:03:07]} Qxf4+ {[%clk 00:12:42]} {[%emt 00:00:10]} 48. Kb1
{[%clk 00:01:29]} {[%emt 00:00:08]} Qf1+ {[%clk 00:12:45]} {[%emt 00:00:26]}
49. Ka2 {[%clk 00:00:47]} {[%emt 00:01:12]} Ra4+ {[%clk 00:12:58]} {[%emt
00:00:17]} 50. Kb3 {[%clk 00:01:10]} {[%emt 00:00:08]} Qd1+ {[%clk 00:12:50]}
{[%emt 00:00:38]} 51. Kc3 {[%clk 00:01:35]} {[%emt 00:00:05]} Qc1+ {[%clk
00:12:56]} {[%emt 00:00:24]} 52. Kd3 {[%emt 00:01:23]} Nf4# {[%emt 00:00:06]}
0-1

[Event "Deutsche Ländermeisterschaft 2025"]
[Site "Oer-Erkenschwick GER"]
[Date "2025.10.01"]
[Round "1"]
[White "Mader, Fabian"]
[Black "Steger, Lukas Daniel"]
[Result "0-1"]
[Termination "normal"]
[Board "5.2"]
[WhiteElo "2153"]
[BlackElo "2081"]
[WhiteClock "00:10:24"]
[BlackClock "00:02:31"]
[WhiteTeam "Rheinland-Pfalz"]
[BlackTeam "Sachsen"]
[PlyCount "90"]
[WhiteFideId "16265866"]
[BlackFideId "3335151"]
[EventCountry "GER"]
[EventRounds "7"]
[EventType "team-swiss"]
[EventDate "2025.09.30"]

1. e4 {[%clk 01:30:57]} {[%emt 00:00:03]} c5 {[%clk 01:30:54]} {[%emt
00:00:06]} 2. Nf3 {[%clk 01:31:17]} {[%emt 00:00:11]} e6 {[%clk 01:31:17]}
{[%emt 00:00:06]} 3. d4 {[%clk 01:31:09]} {[%emt 00:00:37]} cxd4 {[%clk
01:31:40]} {[%emt 00:00:07]} 4. Nxd4 {[%clk 01:31:34]} {[%emt 00:00:06]} Nf6
{[%clk 01:32:00]} {[%emt 00:00:10]} 5. Nc3 {[%clk 01:31:25]} {[%emt 00:00:38]}
Nc6 {[%clk 01:32:25]} {[%emt 00:00:06]} 6. Ndb5 {[%clk 01:31:06]} {[%emt
00:00:49]} d6 {[%clk 01:31:59]} {[%emt 00:00:56]} 7. Bf4 {[%clk 01:30:34]}
{[%emt 00:01:01]} e5 {[%clk 01:32:21]} {[%emt 00:00:08]} 8. Bg5 {[%clk
01:30:59]} {[%emt 00:00:05]} a6 {[%clk 01:32:47]} {[%emt 00:00:04]} 9. Na3
{[%clk 01:31:23]} {[%emt 00:00:06]} b5 {[%clk 01:33:12]} {[%emt 00:00:06]} 10.
Nd5 {[%clk 01:28:26]} {[%emt 00:03:27]} Be7 {[%clk 01:33:24]} {[%emt 00:00:17]}
11. Bxf6 {[%clk 01:28:22]} {[%emt 00:00:34]} Bxf6 {[%clk 01:33:47]} {[%emt
00:00:07]} 12. c3 {[%clk 01:28:16]} {[%emt 00:00:36]} Ne7 {[%clk 01:34:07]}
{[%emt 00:00:10]} 13. Nxf6+ {[%clk 01:27:08]} {[%emt 00:01:39]} gxf6 {[%clk
01:34:24]} {[%emt 00:00:13]} 14. Nc2 {[%clk 01:26:38]} {[%emt 00:01:00]} Bb7
{[%clk 01:34:46]} {[%emt 00:00:07]} 15. Bd3 {[%clk 01:25:46]} {[%emt 00:01:22]}
d5 {[%clk 01:35:09]} {[%emt 00:00:07]} 16. Qe2 {[%clk 01:22:30]} {[%emt
00:03:46]} f5 {[%clk 01:35:30]} {[%emt 00:00:10]} 17. exd5 {[%clk 01:16:52]}
{[%emt 00:06:08]} e4 {[%clk 01:31:31]} {[%emt 00:04:28]} 18. Bxb5+ {[%clk
01:15:00]} {[%emt 00:02:22]} axb5 {[%clk 01:31:47]} {[%emt 00:00:15]} 19. Qxb5+
{[%clk 01:15:12]} {[%emt 00:00:17]} Qd7 {[%clk 01:32:09]} {[%emt 00:00:08]} 20.
Qxd7+ {[%clk 01:14:14]} {[%emt 00:01:28]} Kxd7 {[%clk 01:32:28]} {[%emt
00:00:11]} 21. c4 {[%clk 01:14:29]} {[%emt 00:00:15]} Rhc8 {[%clk 01:12:52]}
{[%emt 00:20:06]} 22. b3 {[%clk 00:55:43]} {[%emt 00:19:16]} Nxd5 {[%clk
01:07:13]} {[%emt 00:06:08]} 23. Nd4 {[%clk 00:38:29]} {[%emt 00:17:45]} Nb4
{[%clk 00:53:12]} {[%emt 00:14:31]} 24. a3 {[%clk 00:36:38]} {[%emt 00:02:22]}
Nd3+ {[%clk 00:47:03]} {[%emt 00:06:38]} 25. Kd2 {[%clk 00:33:36]} {[%emt
00:03:32]} Nxf2 {[%clk 00:37:24]} {[%emt 00:10:08]} 26. Rhf1 {[%clk 00:33:44]}
{[%emt 00:00:22]} f4 {[%clk 00:37:29]} {[%emt 00:00:26]} 27. Ke2 {[%clk
00:27:02]} {[%emt 00:07:12]} e3 {[%clk 00:35:56]} {[%emt 00:02:04]} 28. g3
{[%clk 00:24:41]} {[%emt 00:02:52]} Rg8 {[%clk 00:20:29]} {[%emt 00:15:56]} 29.
c5 {[%clk 00:15:05]} {[%emt 00:10:06]} Ba6+ {[%clk 00:20:10]} {[%emt 00:00:50]}
30. Kf3 {[%clk 00:14:36]} {[%emt 00:00:59]} Bxf1 {[%clk 00:20:20]} {[%emt
00:00:20]} 31. Rxf1 {[%clk 00:15:01]} {[%emt 00:00:05]} fxg3 {[%clk 00:14:53]}
{[%emt 00:05:56]} 32. hxg3 {[%clk 00:14:59]} {[%emt 00:00:32]} Ng4 {[%clk
00:12:02]} {[%emt 00:03:20]} 33. c6+ {[%clk 00:11:57]} {[%emt 00:03:33]} Kd6
{[%clk 00:08:50]} {[%emt 00:03:42]} 34. Rc1 {[%clk 00:11:27]} {[%emt 00:01:00]}
Ne5+ {[%clk 00:07:31]} {[%emt 00:01:48]} 35. Ke4 {[%clk 00:10:15]} {[%emt
00:01:43]} Rg4+ {[%clk 00:07:15]} {[%emt 00:00:46]} 36. Kxe3 {[%clk 00:10:29]}
{[%emt 00:00:16]} Rxg3+ {[%clk 00:05:00]} {[%emt 00:02:45]} 37. Ke4 {[%clk
00:10:48]} {[%emt 00:00:12]} Rg4+ {[%clk 00:03:34]} {[%emt 00:01:55]} 38. Ke3
{[%clk 00:11:11]} {[%emt 00:00:06]} Rxd4 {[%clk 00:03:06]} {[%emt 00:00:58]}
39. Kxd4 {[%clk 00:11:37]} {[%emt 00:00:05]} Nxc6+ {[%clk 00:03:32]} {[%emt
00:00:04]} 40. Kc3 {[%clk 00:11:56]} {[%emt 00:00:12]} Rxa3 {[%clk 00:03:29]}
{[%emt 00:00:33]} 41. Rh1 {[%clk 00:12:03]} {[%emt 00:00:22]} Na5 {[%clk
00:01:37]} {[%emt 00:02:22]} 42. Rxh7 {[%clk 00:10:17]} {[%emt 00:02:16]} Rxb3+
{[%clk 00:01:52]} {[%emt 00:00:15]} 43. Kc2 {[%clk 00:10:23]} {[%emt 00:00:24]}
Rf3 {[%clk 00:02:03]} {[%emt 00:00:19]} 44. Rh6+ {[%clk 00:10:05]} {[%emt
00:00:48]} Ke5 {[%clk 00:02:09]} {[%emt 00:00:25]} 45. Rh5+ {[%clk 00:10:24]}
{[%emt 00:00:10]} f5 {[%clk 00:02:31]} {[%emt 00:00:08]} 0-1

[Event "Deutsche Ländermeisterschaft 2025"]
[Site "Oer-Erkenschwick GER"]
[Date "2025.10.01"]
[Round "1"]
[White "Herrmann, Arthur"]
[Black "Weber, Nikita"]
[Result "1/2-1/2"]
[Termination "normal"]
[Board "5.3"]
[WhiteElo "2149"]
[BlackElo "2057"]
[WhiteClock "00:00:39"]
[BlackClock "00:05:33"]
[WhiteTeam "Sachsen"]
[BlackTeam "Rheinland-Pfalz"]
[PlyCount "71"]
[WhiteFideId "16287150"]
[BlackFideId "34608770"]
[EventCountry "GER"]
[EventRounds "7"]
[EventType "team-swiss"]
[EventDate "2025.09.30"]

1. e4 {[%clk 01:30:57]} {[%emt 00:00:02]} e5 {[%clk 01:30:50]} {[%emt
00:00:10]} 2. Nf3 {[%clk 01:31:14]} {[%emt 00:00:13]} Nc6 {[%clk 01:31:16]}
{[%emt 00:00:03]} 3. Bb5 {[%clk 01:31:22]} {[%emt 00:00:22]} a6 {[%clk
01:31:43]} {[%emt 00:00:03]} 4. Ba4 {[%clk 01:31:46]} {[%emt 00:00:07]} f5
{[%clk 01:32:10]} {[%emt 00:00:03]} 5. d4 {[%clk 01:24:55]} {[%emt 00:07:21]}
exd4 {[%clk 01:32:29]} {[%emt 00:00:10]} 6. e5 {[%clk 01:24:25]} {[%emt
00:01:01]} b5 {[%clk 01:32:51]} {[%emt 00:00:07]} 7. Bb3 {[%clk 01:24:31]}
{[%emt 00:00:24]} Na5 {[%clk 01:33:19]} {[%emt 00:00:02]} 8. Nxd4 {[%clk
01:17:08]} {[%emt 00:07:55]} Bb7 {[%clk 01:28:21]} {[%emt 00:05:26]} 9. Nxf5
{[%clk 01:05:25]} {[%emt 00:12:14]} Nxb3 {[%clk 01:28:16]} {[%emt 00:00:35]}
10. axb3 {[%clk 01:03:53]} {[%emt 00:02:03]} d6 {[%clk 01:22:50]} {[%emt
00:05:55]} 11. exd6 {[%clk 00:59:16]} {[%emt 00:05:07]} Qd7 {[%clk 01:21:06]}
{[%emt 00:02:14]} 12. Qe2+ {[%clk 00:51:42]} {[%emt 00:08:04]} Kf7 {[%clk
01:21:24]} {[%emt 00:00:12]} 13. Ne3 {[%clk 00:51:21]} {[%emt 00:00:51]} Bxd6
{[%clk 01:21:11]} {[%emt 00:00:43]} 14. O-O {[%clk 00:48:16]} {[%emt 00:03:35]}
Nf6 {[%clk 01:18:21]} {[%emt 00:03:19]} 15. c4 {[%clk 00:43:34]} {[%emt
00:05:12]} h5 {[%clk 01:03:48]} {[%emt 00:15:04]} 16. Nc3 {[%clk 00:37:03]}
{[%emt 00:07:01]} b4 {[%clk 00:28:43]} {[%emt 00:35:34]} 17. Ncd5 {[%clk
00:35:44]} {[%emt 00:01:50]} Rae8 {[%clk 00:23:44]} {[%emt 00:05:29]} 18. Nxf6
{[%clk 00:24:00]} {[%emt 00:12:14]} gxf6 {[%clk 00:24:12]} {[%emt 00:00:02]}
19. c5 {[%clk 00:19:22]} {[%emt 00:05:08]} Be5 {[%clk 00:17:38]} {[%emt
00:07:04]} 20. Qc4+ {[%clk 00:19:21]} {[%emt 00:00:31]} Kf8 {[%clk 00:16:07]}
{[%emt 00:02:01]} 21. Qxb4 {[%clk 00:16:15]} {[%emt 00:03:36]} Qc6 {[%clk
00:16:35]} 22. f3 {[%clk 00:12:10]} {[%emt 00:04:36]} Rd8 {[%clk 00:16:43]}
{[%emt 00:00:22]} 23. Nf5 {[%clk 00:09:55]} {[%emt 00:02:45]} Rd5 {[%clk
00:15:57]} {[%emt 00:01:16]} 24. Be3 {[%clk 00:07:38]} {[%emt 00:02:47]} Rg8
{[%clk 00:13:44]} {[%emt 00:02:44]} 25. Qc4 {[%clk 00:07:08]} {[%emt 00:01:00]}
Bxb2 {[%clk 00:07:57]} {[%emt 00:06:16]} 26. Rad1 {[%clk 00:05:35]} {[%emt
00:02:03]} Qe6 {[%clk 00:07:34]} {[%emt 00:00:53]} 27. Bh6+ {[%clk 00:04:57]}
{[%emt 00:01:09]} Kf7 {[%clk 00:08:01]} {[%emt 00:00:02]} 28. Rxd5 {[%clk
00:00:52]} {[%emt 00:04:36]} Bxd5 {[%clk 00:08:29]} {[%emt 00:00:02]} 29. Qc2
{[%clk 00:01:06]} {[%emt 00:00:15]} Ba3 {[%clk 00:04:47]} {[%emt 00:04:12]} 30.
Be3 {[%clk 00:00:43]} {[%emt 00:00:53]} Rg6 {[%clk 00:04:05]} {[%emt 00:01:13]}
31. Kh1 {[%clk 00:00:45]} {[%emt 00:00:27]} Bxb3 {[%clk 00:04:33]} {[%emt
00:00:02]} 32. Qb1 {[%clk 00:00:41]} {[%emt 00:00:34]} Ba2 {[%clk 00:04:17]}
{[%emt 00:00:47]} 33. Qc2 {[%clk 00:00:52]} {[%emt 00:00:19]} Bb3 {[%emt
00:00:03]} 34. Qb1 {[%clk 00:00:46]} {[%emt 00:00:34]} Ba2 {[%clk 00:05:10]}
{[%emt 00:00:05]} 35. Qc2 {[%clk 00:00:39]} {[%emt 00:00:38]} Bb3 {[%clk
00:05:33]} {[%emt 00:00:06]} 36. Qb1 {[%clk 00:00:39]} {[%emt 00:00:30]}
1/2-1/2

[Event "Deutsche Ländermeisterschaft 2025"]
[Site "Oer-Erkenschwick GER"]
[Date "2025.10.01"]
[Round "1"]
[White "Vranckx, Oscar"]
[Black "Nguyen, Thanh An"]
[Result "1-0"]
[Termination "normal"]
[Board "5.4"]
[WhiteElo "2117"]
[BlackElo "2005"]
[WhiteClock "01:06:34"]
[BlackClock "00:20:24"]
[WhiteTeam "Rheinland-Pfalz"]
[BlackTeam "Sachsen"]
[PlyCount "91"]
[WhiteFideId "34608788"]
[BlackFideId "34627804"]
[EventCountry "GER"]
[EventRounds "7"]
[EventType "team-swiss"]
[EventDate "2025.09.30"]

1. e4 {[%clk 01:30:58]} c5 {[%clk 01:30:48]} {[%emt 00:00:14]} 2. Nf3 {[%clk
01:31:21]} {[%emt 00:00:06]} Nc6 {[%clk 01:31:14]} {[%emt 00:00:05]} 3. d4
{[%clk 01:31:44]} {[%emt 00:00:06]} cxd4 {[%clk 01:31:22]} {[%emt 00:00:23]} 4.
Nxd4 {[%clk 01:32:06]} {[%emt 00:00:07]} Nf6 {[%clk 01:31:51]} {[%emt
00:00:03]} 5. Nc3 {[%clk 01:32:26]} {[%emt 00:00:09]} e5 {[%clk 01:32:09]}
{[%emt 00:00:12]} 6. Ndb5 {[%clk 01:32:50]} {[%emt 00:00:06]} d6 {[%clk
01:32:15]} {[%emt 00:00:24]} 7. Bg5 {[%clk 01:33:07]} {[%emt 00:00:13]} a6
{[%clk 01:32:08]} {[%emt 00:00:37]} 8. Na3 {[%clk 01:33:29]} {[%emt 00:00:08]}
b5 {[%clk 01:32:36]} {[%emt 00:00:03]} 9. Nd5 {[%clk 01:33:50]} {[%emt
00:00:08]} Be7 {[%clk 01:33:00]} {[%emt 00:00:06]} 10. Bxf6 {[%clk 01:34:15]}
{[%emt 00:00:06]} Bxf6 {[%clk 01:33:27]} {[%emt 00:00:03]} 11. c3 {[%clk
01:34:38]} {[%emt 00:00:07]} Ne7 {[%clk 01:31:48]} {[%emt 00:02:08]} 12. Nxf6+
{[%clk 01:33:44]} {[%emt 00:01:23]} gxf6 {[%clk 01:32:14]} {[%emt 00:00:04]}
13. Nc2 {[%clk 01:31:55]} {[%emt 00:02:20]} Bb7 {[%clk 01:32:34]} {[%emt
00:00:11]} 14. Bd3 {[%clk 01:32:19]} {[%emt 00:00:05]} d5 {[%clk 01:32:45]}
{[%emt 00:00:19]} 15. Qe2 {[%clk 01:32:42]} {[%emt 00:00:06]} f5 {[%clk
01:26:56]} {[%emt 00:06:20]} 16. f3 {[%clk 01:28:15]} {[%emt 00:04:58]} fxe4
{[%clk 01:08:09]} {[%emt 00:19:16]} 17. fxe4 {[%clk 01:28:38]} {[%emt
00:00:06]} Ng6 {[%clk 01:07:25]} {[%emt 00:01:15]} 18. g3 {[%clk 01:23:21]}
{[%emt 00:05:46]} dxe4 {[%clk 00:59:49]} {[%emt 00:08:07]} 19. Bxe4 {[%clk
01:23:45]} {[%emt 00:00:06]} Bxe4 {[%clk 00:58:54]} {[%emt 00:01:25]} 20. Qxe4
{[%clk 01:24:05]} {[%emt 00:00:10]} O-O {[%clk 00:59:21]} {[%emt 00:00:04]} 21.
Ne3 {[%clk 01:23:26]} {[%emt 00:01:08]} Qb6 {[%clk 00:56:51]} {[%emt 00:03:01]}
22. O-O-O {[%clk 01:20:40]} {[%emt 00:03:16]} Rad8 {[%clk 00:56:15]} {[%emt
00:01:05]} 23. Nf5 {[%clk 01:13:44]} {[%emt 00:07:26]} Qe6 {[%clk 00:51:01]}
{[%emt 00:05:45]} 24. Kb1 {[%clk 01:11:48]} {[%emt 00:02:26]} Rd7 {[%clk
00:49:19]} {[%emt 00:02:13]} 25. Rxd7 {[%clk 01:11:35]} {[%emt 00:00:42]} Qxd7
{[%clk 00:49:45]} {[%emt 00:00:04]} 26. h4 {[%clk 01:11:54]} {[%emt 00:00:11]}
Rd8 {[%clk 00:44:36]} {[%emt 00:05:39]} 27. h5 {[%clk 01:11:43]} {[%emt
00:00:41]} Ne7 {[%clk 00:43:54]} {[%emt 00:01:12]} 28. Qg4+ {[%clk 01:12:00]}
{[%emt 00:00:12]} Ng6 {[%clk 00:43:19]} {[%emt 00:01:05]} 29. Nh6+ {[%clk
01:11:13]} {[%emt 00:01:17]} Kg7 {[%clk 00:43:41]} {[%emt 00:00:09]} 30. Qxd7
{[%clk 01:11:38]} {[%emt 00:00:05]} Rxd7 {[%clk 00:43:59]} {[%emt 00:00:12]}
31. hxg6 {[%clk 01:12:04]} {[%emt 00:00:04]} hxg6 {[%clk 00:44:24]} {[%emt
00:00:05]} 32. Ng4 {[%clk 01:12:27]} {[%emt 00:00:06]} e4 {[%clk 00:44:51]}
{[%emt 00:00:03]} 33. Rh7+ {[%clk 01:12:44]} {[%emt 00:00:12]} Kxh7 {[%clk
00:43:24]} {[%emt 00:01:58]} 34. Nf6+ {[%clk 01:13:10]} {[%emt 00:00:04]} Kh6
{[%clk 00:43:41]} {[%emt 00:00:14]} 35. Nxd7 {[%clk 01:13:35]} {[%emt
00:00:05]} Kg5 {[%clk 00:44:08]} {[%emt 00:00:03]} 36. Kc2 {[%clk 01:10:25]}
{[%emt 00:03:40]} f5 {[%clk 00:39:31]} {[%emt 00:05:07]} 37. Kd2 {[%clk
01:10:32]} {[%emt 00:00:22]} Kg4 {[%clk 00:36:42]} {[%emt 00:03:19]} 38. Ke3
{[%clk 01:08:51]} {[%emt 00:02:11]} Kxg3 {[%clk 00:36:32]} {[%emt 00:00:40]}
39. Nf6 {[%clk 01:09:16]} {[%emt 00:00:05]} g5 {[%clk 00:30:16]} {[%emt
00:06:46]} 40. b3 {[%clk 01:09:39]} {[%emt 00:00:07]} Kh2 {[%clk 00:23:11]}
{[%emt 00:07:36]} 41. Nh5 {[%clk 01:07:01]} {[%emt 00:03:07]} g4 {[%clk
00:23:35]} {[%emt 00:00:06]} 42. Kf2 {[%clk 01:06:57]} {[%emt 00:00:34]} Kh3
{[%clk 00:19:34]} {[%emt 00:04:31]} 43. c4 {[%clk 01:07:04]} {[%emt 00:00:24]}
g3+ {[%clk 00:19:41]} {[%emt 00:00:23]} 44. Nxg3 {[%clk 01:07:27]} {[%emt
00:00:07]} Kg4 {[%clk 00:20:07]} {[%emt 00:00:04]} 45. Nf1 {[%clk 01:06:09]}
{[%emt 00:01:48]} f4 {[%clk 00:20:24]} {[%emt 00:00:13]} 46. cxb5 {[%clk
01:06:34]} {[%emt 00:00:04]} 1-0

[Event "Deutsche Ländermeisterschaft 2025"]
[Site "Oer-Erkenschwick GER"]
[Date "2025.10.01"]
[Round "1"]
[White "Dotschuweit, Erik"]
[Black "Müller, Riyanna"]
[Result "1-0"]
[Termination "normal"]
[Board "5.5"]
[BlackTitle "WFM"]
[WhiteElo "1733"]
[BlackElo "2049"]
[WhiteClock "00:12:04"]
[BlackClock "00:39:07"]
[WhiteTeam "Sachsen"]
[BlackTeam "Rheinland-Pfalz"]
[PlyCount "43"]
[WhiteFideId "34610146"]
[BlackFideId "16287401"]
[EventCountry "GER"]
[EventRounds "7"]
[EventType "team-swiss"]
[EventDate "2025.09.30"]

1. d4 {[%clk 01:30:58]} {[%emt 00:00:03]} d5 {[%clk 01:30:51]} {[%emt
00:00:08]} 2. Bf4 {[%clk 01:31:14]} {[%emt 00:00:14]} Nf6 {[%clk 01:30:50]}
{[%emt 00:00:31]} 3. Nf3 {[%clk 01:31:00]} {[%emt 00:00:44]} c5 {[%clk
01:28:59]} {[%emt 00:02:21]} 4. c3 {[%clk 01:24:50]} {[%emt 00:06:41]} Nc6
{[%clk 01:28:18]} {[%emt 00:01:10]} 5. e3 {[%clk 01:09:55]} {[%emt 00:15:26]}
Qb6 {[%clk 01:27:44]} {[%emt 00:01:04]} 6. Qc2 {[%clk 01:03:50]} {[%emt
00:06:35]} cxd4 {[%clk 01:21:21]} {[%emt 00:06:54]} 7. exd4 {[%clk 01:01:38]}
{[%emt 00:02:42]} Bf5 {[%clk 01:12:28]} {[%emt 00:09:22]} 8. Qxf5 {[%clk
00:46:35]} {[%emt 00:15:32]} Qxb2 {[%clk 01:12:43]} {[%emt 00:00:16]} 9. Nfd2
{[%clk 00:38:03]} {[%emt 00:09:02]} e6 {[%clk 01:12:16]} {[%emt 00:00:56]} 10.
Qd3 {[%clk 00:35:58]} {[%emt 00:02:36]} Qxa1 {[%clk 01:03:04]} {[%emt
00:09:42]} 11. Qb5 {[%clk 00:33:05]} {[%emt 00:03:23]} Ba3 {[%clk 00:57:26]}
{[%emt 00:06:07]} 12. Qxb7 {[%clk 00:25:37]} {[%emt 00:07:59]} O-O {[%clk
00:57:21]} {[%emt 00:00:35]} 13. Qxc6 {[%clk 00:23:38]} {[%emt 00:02:29]} Ne4
{[%clk 00:51:09]} {[%emt 00:06:41]} 14. Bd3 {[%clk 00:20:48]} {[%emt 00:03:21]}
Rac8 {[%clk 00:48:47]} {[%emt 00:02:51]} 15. Qa6 {[%clk 00:19:37]} {[%emt
00:01:42]} Bc1 {[%clk 00:40:49]} {[%emt 00:08:27]} 16. Bxe4 {[%clk 00:12:50]}
{[%emt 00:07:18]} Bxd2+ {[%clk 00:39:11]} {[%emt 00:02:07]} 17. Bxd2 {[%clk
00:13:11]} {[%emt 00:00:09]} dxe4 {[%clk 00:39:36]} {[%emt 00:00:05]} 18. O-O
{[%clk 00:13:27]} {[%emt 00:00:15]} Rb8 {[%clk 00:39:17]} {[%emt 00:00:48]} 19.
Na3 {[%clk 00:12:56]} {[%emt 00:01:02]} Qxa2 {[%clk 00:39:36]} {[%emt
00:00:10]} 20. Bf4 {[%clk 00:12:45]} {[%emt 00:00:42]} Rb3 {[%clk 00:39:14]}
{[%emt 00:00:51]} 21. Bd6 {[%clk 00:11:54]} {[%emt 00:01:21]} Rb6 {[%clk
00:39:07]} {[%emt 00:00:36]} 22. Qc4 {[%clk 00:12:04]} {[%emt 00:00:21]} 1-0